000 01602nam0a2200325 4500
001 RU\NLR\bibl\1407053
005 20260405212500.0
010 _a978-5-91709-003-0
_93000
021 _aRU
_b2009-51062
_93136
035 _a(NLR Aleph) 001399049
090 _a1210654
_c1210654
100 _a20090902d2009 |||y0rusy50 ca
101 0 _arus
_aeng
102 _aRU
105 _aab |||||||||
200 1 _aEngland and the English
_evideo activity book
_eучебное пособие к видеокурсу по английскому языку и культуре
_fС.В. Титова
_gМоск. гос. ун-т им. М.В. Ломоносова, Фак. иностр. яз. и регионоведения
205 _a[Изд. 2-е, перераб. и доп.]
210 _aМосква
_cЦентручебфильм
_d2009
215 _a473 с.
_cил., карт.
_d21
225 1 _aСерия "Регионоведение. Страны и народы"
300 _aНа обл. авт. не указан
606 1 _aАнглийский язык
_jУчебные издания для высших учебных заведений
_9972309
_3RU\NLR\auth\6646032
686 _aШ143.21-93рус31
686 _aШ143.21-93рус329.2
700 1 _4070
_8rus
_7ca
_aТитова
_bС. В.
_cд-р пед. наук, иностр. языки
_gСветлана Владимировна
_3RU\NLR\auth\7795559
_978485
801 0 _aRU
_bNLR
_c20090902
_gRCR
801 1 _aRU
_bNLR
_c20090902
942 _cBOOK
980 _aNB